000 00727nam a2200265Ia 4500
001 Para_3235
003 CHAP
008 220125s1919 xx 000 0 und d
010 _a201697
040 _cCHAP
090 _aPA FOLLETO 940
100 _aLutman, B. F.
245 _aTip burn of the potato and other plants /
_c B. F. Lutman
260 _aVermont :
_b Agricultual Experiment Station
300 _a28 p.
440 _aVermont. Agric. Exp. Sta. Bull.; 214
_9166620
650 _aPapa
_x Fechas de cosecha
_985235
901 _aPA FOLLETO 940
902 _aA
905 _a0000001919 VER 0000000000 00
910 _a1919
942 _cPARA
942 _cPARA
_d1
999 _c201697
_d201697